000 00691nam a2200253Ia 4500
003 OSt
005 20220925223102.0
006 a|||||r|||| 00| 0
007 ta
008 220923b |||||||| |||| 00| 0 eng d
020 _a041519461X
037 _cGeneral Book
040 _aRTL
_cRTL
_beng
041 _2eng
_aeng
082 _aWv, P0
100 _aGingell John etal Ed.
_9288944
245 0 _aModern political thought
_b A reader
260 _aLondon
_bRoutledge
_c2000
300 _aix, 293p
_ccm.
500 _aBibliography chapterwise
650 _aPolitical Science
942 _hWv, P0
_cGB
_2CC
999 _c578605
_d578605